[Event "Hastings Masters op 86th"]
[Site "Hastings"]
[Date "2010.12.30"]
[Round "3"]
[White "Sengupta, Deep"]
[Black "Coates, David H"]
[Result "1-0"]
[WhiteElo "2558"]
[BlackElo "2067"]
[PlyCount "65"]
[EventDate "2010.12.28"]
[EventType "swiss"]
[EventRounds "9"]
[EventCountry "ENG"]
[SourceTitle "CBM 140 Extra"]
[Source "ChessBase"]
[SourceDate "2011.03.01"]
[SourceVersion "1"]
[SourceVersionDate "2011.03.01"]
[SourceQuality "1"]

1. e4 e6 2. d4 d5 3. Nc3 Bb4 4. e5 c5 5. a3 Bxc3+ 6. bxc3 Ne7 7. h4 Nbc6 8. h5 Qa5 9. Bd2 Bd7 10. h6 gxh6 11. Rb1 Qc7 12. Nf3 0-0-0 13. Bxh6 cxd4 14. cxd4 Nf5 15. Bg5 Rde8 16. Qd2 h5 17. Be2 Reg8 18. c3 Na5 19. Kf1 Nc4 20. Qc1 Bc6 21. Rh3 Qa5 22. Bf6 Rh6 23. Nh4 Qxa3 24. Qxa3 Nxa3 25. Nxf5 exf5 26. Ra1 Nb5 27. Ra5 a6 28. Bxh5 Nxc3 29. Bxf7 Rxh3 30. gxh3 Rf8 31. e6 Ne4 32. Bg7 Rd8 33. e7 1-0